The united neutral theory of biodiversity and biogeography

Uloženo v:
Podrobná bibliografie
Hlavní autor: Hubbell, Stephen P
Médium: Kniha
Jazyk:angličtina
Vydáno: Princeton Princeton University Press 2001
Témata:
Tagy: Přidat tag
Žádné tagy, Buďte první, kdo vytvoří štítek k tomuto záznamu!

MARC

LEADER 00000cam a2200000 a 4500
001 UCD4005
003 CL-VaPUC
005 20220302074414.0
008 160623e20010000us |||||||||||||||||eng|d
999 |c 364978  |d 364976 
020 |a 9780691021287 
040 |c Pontificia Universidad Católica de Valparaíso 
082 0 4 |a 577 HUB 2001  |2 21 
100 0 |a Hubbell, Stephen P  |9 587614 
245 1 4 |a The united neutral theory of biodiversity and biogeography 
260 |a Princeton  |b Princeton University Press  |c 2001 
300 |a 375 páginas 
583 |a last modification  |c 20160623 20:48:00  |k Rodrigo Vera 
650 7 |a DIVERSIDAD BIOLOGICA  |2 CL-VaPUC  |9 327372 
650 0 |a Biodiversidad   |9 385995 
650 7 |a CONSERVACION DE LA DIVERSIDAD BIOLOGICA  |2 CL-VaPUC  |9 332856 
942 |c BK  |2 ddc 
945 |d 20160623 20:48:00  |a dcastane 
952 |0 0  |1 0  |2 ddc  |3 erb  |4 0  |6 577_000000000000000_HUB_2001  |7 0  |8 A  |9 478634  |a BIBCUR  |b BIBCUR  |i 5294541  |o 577 HUB 2001  |p 5294541  |r 2025-04-22  |t 1  |w 2019-11-24  |y BK  |z Catalogado en:20160623  |k BIO 
952 |0 0  |1 0  |2 ddc  |3 erb  |4 0  |6 577_000000000000000_HUB_2001  |7 0  |8 A  |9 478635  |a BIBCUR  |b BIBCUR  |i 5295416  |o 577 HUB 2001  |p 5295416  |r 2025-04-22  |t 2  |w 2019-11-24  |y BK  |z Catalogado en:20160701  |k BIO